| 000 | 01421cam a2200349 i 4500 | ||
|---|---|---|---|
| 999 |
_c41658 _d41658 |
||
| 001 | 20050080 | ||
| 003 | OSt | ||
| 005 | 20221031151328.0 | ||
| 008 | 171006s2019 nyua 001 0 eng | ||
| 010 | _a 2017048282 | ||
| 020 | _a9789353165741 | ||
| 020 |
_a9781259822674 _q(hardcover : acid-free paper) |
||
| 020 |
_a1259822672 _q(acid-free paper) |
||
| 040 |
_aDLC _beng _cDLC _erda |
||
| 042 | _apcc | ||
| 050 | 0 | 0 |
_aTJ265 _b.C43 2019 |
| 082 | 0 | 0 |
_a621.4021 _223 _bCEN/T |
| 100 | 1 |
_aÇengel, Yunus A. _eauthor. _99194 |
|
| 245 | 1 | 0 |
_aThermodynamics : _ban engineering approach / _cYunus A. Çengel, University of Nevada, Reno, Michael A. Boles, North Carolina State University, Mehmet Kanoğlu, University of Gaziantep. |
| 250 | _aNinth edition. | ||
| 264 | 1 |
_aNew York, NY : _bMcGraw-Hill Education, _c[2019] |
|
| 300 |
_a942 pages : _billustrations ( some color) ; _c26 cm |
||
| 336 |
_atext _btxt _2rdacontent |
||
| 337 |
_aunmediated _bn _2rdamedia |
||
| 338 |
_avolume _bnc _2rdacarrier |
||
| 650 | 0 | _aThermodynamics. | |
| 700 | 1 |
_aBoles, Michael A., _eauthor. |
|
| 700 | 1 |
_aKanoglu, Mehmet, _eauthor. |
|
| 906 |
_a7 _bcbc _corignew _d1 _eecip _f20 _gy-gencatlg |
||
| 942 |
_2ddc _cBK _h621.4021 _iCEN/T _k621.4021 _mCEN/T |
||